00683nam a2200145 a 4500008004100000050002200041100001300063245012700076260003700203300002300240350000900263995011000272999001700382952013800399120416s1985 ||||||||||||||||| || u aGB 1001.72.S3 Wat aFrank, F10aWater sampling and chemical analysis for underground water investigationsctranslated from the German editions by F. Frank aHamburgbVerlag Paul Pareyc1985 a[vii], 84p. : ill. a0.00 D0.00FCBU-MAIN LIBRARY (Kitwe)H1I85.00M1UAVAILABLEWFeb 22, 2007ZMain Library Open Access Collection c61499d61499 00102lcc4070a001b001cMain Library Open Access Collectiond2022-11-30l0oGB 1001.72.S3 Watp002211r2022-11-30w2022-11-30y002